Особенности элементного состава крови человека в регионах России; Проблемы геологии и освоения недр; Т. 1

Dettagli Bibliografici
Parent link:Проблемы геологии и освоения недр: труды XXII Международного симпозиума имени академика М. А. Усова студентов и молодых ученых, посвященного 155-летию со дня рождения академика В.А. Обручева, 135-летию со дня рождения академика М.А. Усова, основателей Сибирской горно-геологической школы, и 110-летию первого выпуска горных инженеров в Сибири, Томск, 2-7 апреля 2018 г./ Национальный исследовательский Томский политехнический университет, Инженерная школа природных ресурсов ; под ред. А. С. Боева.— , 2018
Т. 1.— 2018.— [С. 778-780]
Autore principale: Донченко М. И.
Ente Autore: Национальный исследовательский Томский политехнический университет Инженерная школа природных ресурсов Отделение геологии
Altri autori: Наркович Д. В. Дина Владимировна (научный руководитель)
Riassunto:Заглавие с экрана
Lingua:russo
Pubblicazione: 2018
Serie:Геоэкология, охрана и защита окружающей среды. Геоинформационные системы в геоэкологии
Soggetti:
Accesso online:http://earchive.tpu.ru/handle/11683/50548
Natura: Elettronico Capitolo di libro
KOHA link:https://koha.lib.tpu.ru/cgi-bin/koha/opac-detail.pl?biblionumber=627864

MARC

LEADER 00000naa2a2200000 4500
001 627864
005 20231101133501.0
035 |a (RuTPU)RU\TPU\conf\27890 
035 |a RU\TPU\conf\27888 
090 |a 627864 
100 |a 20181001d2018 k y0rusy50 ca 
101 0 |a rus 
102 |a RU 
105 |a y z 100zy 
135 |a drgn ---uucaa 
181 0 |a i  
182 0 |a b 
200 1 |a Особенности элементного состава крови человека в регионах России  |f М. И. Донченко  |g науч. рук. Д. В. Наркович 
203 |a Текст  |c электронный 
225 1 |a Геоэкология, охрана и защита окружающей среды. Геоинформационные системы в геоэкологии 
230 |a 1 компьютерный файл (pdf; 1 034 Kb) 
300 |a Заглавие с экрана 
320 |a [Библиогр.: с. 780 (6 назв.)] 
461 1 |0 (RuTPU)RU\TPU\conf\27247  |t Проблемы геологии и освоения недр  |o труды XXII Международного симпозиума имени академика М. А. Усова студентов и молодых ученых, посвященного 155-летию со дня рождения академика В.А. Обручева, 135-летию со дня рождения академика М.А. Усова, основателей Сибирской горно-геологической школы, и 110-летию первого выпуска горных инженеров в Сибири, Томск, 2-7 апреля 2018 г.  |o в 2 т.  |f Национальный исследовательский Томский политехнический университет, Инженерная школа природных ресурсов ; под ред. А. С. Боева  |d 2018 
463 1 |0 (RuTPU)RU\TPU\conf\27248  |t Т. 1  |v [С. 778-780]  |d 2018 
610 1 |a труды учёных ТПУ 
610 1 |a электронный ресурс 
610 1 |a элементный состав 
610 1 |a кровь 
610 1 |a регионы 
610 1 |a Россия 
610 1 |a физиология 
610 1 |a химические элементы 
700 1 |a Донченко  |b М. И. 
702 1 |a Наркович  |b Д. В.  |c геохимик  |c ассистент Томского политехнического университета, кандидат биологических наук  |f 1985-  |g Дина Владимировна  |2 stltpush  |4 727 
712 0 2 |a Национальный исследовательский Томский политехнический университет  |b Инженерная школа природных ресурсов  |b Отделение геологии  |h 8083  |2 stltpush  |3 (RuTPU)RU\TPU\col\23542 
801 2 |a RU  |b 63413507  |c 20181003  |g RCR 
856 4 |u http://earchive.tpu.ru/handle/11683/50548 
942 |c BK